The Dihydrogen Monoxide Quiz - Statistics

General Stats
  • This quiz has been taken 44 times
  • The average score is 10 of 14
Answer Stats
Hint Answer % Correct
How many oxygen atoms does water have? 1
100%
How many hydrogen atoms does water have? 2
100%
Ice
87%
Vapor
87%
Water
87%
A piece of land can be surrounded by water on all sides. Thispiece of land is called? An {island}
84%
The average human body is approximately __% water. {60} (although usually within 45-75%)
76%
The Earth is approximately __% water. 71
71%
Monoxide is also present in many substances. One suchelement can form a toxic monoxide substance. This element is? Carbon
63%
Approximately __% of that water is held by the oceans. {96}.5
61%
There is a name for when two of these types ofelements bond. It is called: {Covalent} bonding
58%
Water comes in two forms: freshwater and saltwater. Freshwater can be drinkable. Drinkable water is also known as? {Potable} water
34%
There is a common factor between these twoelements. What is it? They're both {nonmetals}
32%
When water erodes a ledge, it can eventually form a? Waterfall
21%
No matching quizzes found
Score Distribution
Percent of People with Each Score
Percentile by Number Answered
Your Score History
You have not taken this quiz